Normal view
MARC view
Entry Personal Name
001 - CONTROL NUMBER
- control field: 21122
003 - CONTROL NUMBER IDENTIFIER
- control field: ARRUPE
005 - DATE AND TIME OF LATEST TRANSACTION
- control field: 20151116150905.0
008 - FIXED-LENGTH DATA ELEMENTS
- fixed length control field: 151116|| aca||aabn | a|a d
040 ## - CATALOGING SOURCE
- Original cataloging agency: ARRUPE
- Transcribing agency: ARRUPE
100 ## - HEADING--PERSONAL NAME
- Personal name: Sawyer, W. W.
- Fuller form of name: (Walter Warwick),
- Dates associated with a name: 1911-2008.
670 ## - SOURCE DATA FOUND
- Source citation: Work cat.: (ARRUPE)0: Sawyer, W. W. (Walter Warwick), 1911-2008., A concrete approach to abstract algebra., 1959.